[Event "DEM U18w 2018"]
[Site "Willingen GER"]
[Date "2018.05.26"]
[Round "9"]
[White "Poetsch, Leonore"]
[Black "Lange, Cecilia"]
[Result "1-0"]
[Termination "normal"]
[Board "4"]
[WhiteElo "1902"]
[BlackElo "1929"]
[WhiteClock "00:39:05"]
[BlackClock "00:14:02"]
[PlyCount "59"]
[WhiteFideId "12940372"]
[BlackFideId "12976040"]
[EventCountry "GER"]
[EventRounds "9"]
[EventType "swiss"]
[EventDate "2018.05.19"]

1. e4 {[%clk 1:30:58]} 1... e6 {[%clk 1:30:56]} 2. d4 {[%clk 1:31:20]} 2... d5
{[%clk 1:31:23]} 3. Nd2 {[%clk 1:31:44]} 3... Be7 {[%clk 1:31:49]} 4. Ngf3 {
[%clk 1:32:04]} 4... dxe4 {[%clk 1:31:32]} 5. Nxe4 {[%clk 1:32:28]} 5... Nf6 {
[%clk 1:31:55]} 6. Bd3 {[%clk 1:32:39]} 6... Nxe4 {[%clk 1:30:47]} 7. Bxe4 {
[%clk 1:33:04]} 7... Nd7 {[%clk 1:30:35]} 8. O-O {[%clk 1:33:05]} 8... Nf6 {
[%clk 1:30:53]} 9. Bd3 {[%clk 1:33:02]} 9... O-O {[%clk 1:30:41]} 10. Bf4 {
[%clk 1:32:10]} 10... c5 {[%clk 1:29:33]} 11. dxc5 {[%clk 1:31:58]} 11... Bxc5
{[%clk 1:29:26]} 12. Qe2 {[%clk 1:30:31]} 12... Bd7 {[%clk 1:25:23]} 13. Rad1 {
[%clk 1:29:25]} 13... Qc8 {[%clk 1:21:49]} 14. a3 {[%clk 1:26:30]} 14... a5 {
[%clk 1:17:25]} 15. Rfe1 {[%clk 1:25:46]} 15... Bc6 {[%clk 1:13:35]} 16. Ne5 {
[%clk 1:18:23]} 16... Rd8 {[%clk 1:06:24]} 17. Bg5 {[%clk 1:15:00]} 17... Rxd3
{[%clk 0:33:07]} 18. Nxd3 {[%clk 1:13:23]} 18... Be7 {[%clk 0:31:04]} 19. Ne5 {
[%clk 1:09:55]} 19... Be8 {[%clk 0:28:12]} 20. Ng4 {[%clk 1:04:21]} 20... Qc5 {
[%clk 0:24:32]} 21. Bxf6 {[%clk 0:59:28]} 21... Bxf6 {[%clk 0:24:41]} 22. Nxf6+
{[%clk 0:59:45]} 22... gxf6 {[%clk 0:25:02]} 23. Rd3 {[%clk 0:57:32]} 23... Kf8
{[%clk 0:20:51]} 24. Rc3 {[%clk 0:56:21]} 24... Qb6 {[%clk 0:19:30]} 25. Qh5 {
[%clk 0:49:08]} 25... Bc6 {[%clk 0:16:58]} 26. Rb3 {[%clk 0:46:56]} 26... Qd4 {
[%clk 0:16:06]} 27. Rd1 {[%clk 0:42:36]} 27... Qe4 {[%clk 0:15:16]} 28. Qc5+ {
[%clk 0:41:44]} 28... Kg8 {[%clk 0:13:49]} 29. Rg3+ {[%clk 0:39:59]} 29... Kh8
{[%clk 0:14:02]} 30. Qe7 {[%clk 0:39:05]} 1-0

[Event "DEM U18w 2018"]
[Site "Willingen GER"]
[Date "2018.05.26"]
[Round "9"]
[White "Ley, Sabrina"]
[Black "Wächter, Nathalie"]
[Result "0-1"]
[Termination "normal"]
[Board "5"]
[WhiteElo "1882"]
[BlackElo "1954"]
[WhiteClock "00:13:10"]
[BlackClock "00:29:20"]
[PlyCount "56"]
[WhiteFideId "12938130"]
[BlackFideId "12921033"]
[EventCountry "GER"]
[EventRounds "9"]
[EventType "swiss"]
[EventDate "2018.05.19"]

1. e4 {[%clk 1:30:58]} 1... d5 {[%clk 1:30:52]} 2. exd5 {[%clk 1:31:18]} 2...
Qxd5 {[%clk 1:31:15]} 3. Nc3 {[%clk 1:31:39]} 3... Qa5 {[%clk 1:31:41]} 4. d4 {
[%clk 1:31:57]} 4... c6 {[%clk 1:32:06]} 5. Bd2 {[%clk 1:31:26]} 5... Qc7 {
[%clk 1:32:26]} 6. Nf3 {[%clk 1:30:15]} 6... Nf6 {[%clk 1:32:43]} 7. h3 { [%clk
1:26:12]} 7... Bf5 {[%clk 1:33:00]} 8. Ne5 {[%clk 1:22:34]} 8... Nbd7 { [%clk
1:30:59]} 9. Nc4 {[%clk 1:19:30]} 9... Nb6 {[%clk 1:20:41]} 10. Ne3 { [%clk
1:12:03]} 10... Bg6 {[%clk 1:20:02]} 11. g4 {[%clk 0:58:28]} 11... e6 { [%clk
1:18:38]} 12. h4 {[%clk 0:49:01]} 12... h6 {[%clk 1:18:15]} 13. Bg2 { [%clk
0:42:54]} 13... O-O-O {[%clk 1:04:09]} 14. Ne2 {[%clk 0:39:11]} 14... e5 {[%clk
0:53:34]} 15. c3 {[%clk 0:35:39]} 15... exd4 {[%clk 0:50:08]} 16. Nxd4 { [%clk
0:35:21]} 16... Bc5 {[%clk 0:45:03]} 17. Ndc2 {[%clk 0:29:20]} 17... Ne4 {[%clk
0:41:40]} 18. Bxe4 {[%clk 0:29:33]} 18... Bxe4 {[%clk 0:42:08]} 19. Rf1 {[%clk
0:28:12]} 19... Rhe8 {[%clk 0:40:54]} 20. g5 {[%clk 0:16:57]} 20... Qf4 {[%clk
0:33:50]} 21. b3 {[%clk 0:13:24]} 21... Qxh4 {[%clk 0:30:51]} 22. gxh6 { [%clk
0:12:50]} 22... Bxc2 {[%clk 0:29:53]} 23. Qxc2 {[%clk 0:13:14]} 23... Bxe3
{[%clk 0:30:03]} 24. O-O-O {[%clk 0:12:34]} 24... Bxd2+ {[%clk 0:30:06]} 25.
Rxd2 {[%clk 0:13:00]} 25... Rxd2 {[%clk 0:29:39]} 26. Qxd2 {[%clk 0:13:12]}
26... Qxh6 {[%clk 0:30:00]} 27. f4 {[%clk 0:13:13]} 27... Qh3 {[%clk 0:29:06]}
28. Rd1 {[%clk 0:13:10]} 28... Qe3 {[%clk 0:29:20]} 0-1

[Event "DEM U18w 2018"]
[Site "Willingen GER"]
[Date "2018.05.26"]
[Round "9"]
[White "Riegel, Arinna"]
[Black "Browning, Rebecca"]
[Result "0-1"]
[Termination "normal"]
[Board "6"]
[WhiteElo "1906"]
[BlackElo "1925"]
[WhiteClock "00:20:05"]
[BlackClock "01:17:47"]
[PlyCount "84"]
[WhiteFideId "12931446"]
[BlackFideId "12984027"]
[EventCountry "GER"]
[EventRounds "9"]
[EventType "swiss"]
[EventDate "2018.05.19"]

1. Nf3 {[%clk 1:30:56]} 1... d5 {[%clk 1:30:50]} 2. g3 {[%clk 1:31:21]} 2...
Nf6 {[%clk 1:31:16]} 3. Bg2 {[%clk 1:31:48]} 3... Bf5 {[%clk 1:31:35]} 4. O-O {
[%clk 1:31:56]} 4... e6 {[%clk 1:32:02]} 5. d4 {[%clk 1:32:24]} 5... h6 { [%clk
1:32:27]} 6. c4 {[%clk 1:32:51]} 6... c6 {[%clk 1:32:49]} 7. b3 { [%clk
1:32:40]} 7... Be7 {[%clk 1:33:12]} 8. Bb2 {[%clk 1:32:43]} 8... O-O { [%clk
1:33:25]} 9. Nc3 {[%clk 1:32:54]} 9... Nbd7 {[%clk 1:33:42]} 10. Re1 { [%clk
1:32:52]} 10... Bh7 {[%clk 1:32:07]} 11. Nd2 {[%clk 1:29:06]} 11... Re8 { [%clk
1:28:34]} 12. e4 {[%clk 1:28:19]} 12... dxe4 {[%clk 1:28:38]} 13. Ndxe4 { [%clk
1:27:30]} 13... Qa5 {[%clk 1:23:01]} 14. Nxf6+ {[%clk 1:05:21]} 14... Nxf6
{[%clk 1:22:49]} 15. Ne4 {[%clk 1:05:11]} 15... Rad8 {[%clk 1:22:19]} 16. Qe2
{[%clk 0:57:35]} 16... Nxe4 {[%clk 1:18:47]} 17. Bxe4 {[%clk 0:53:35]} 17...
Bxe4 {[%clk 1:17:14]} 18. Qxe4 {[%clk 0:54:05]} 18... Ba3 {[%clk 1:17:24] } 19.
Qc2 {[%clk 0:49:58]} 19... Bxb2 {[%clk 1:16:56]} 20. Qxb2 {[%clk 0:50:27] }
20... Rd7 {[%clk 1:17:02]} 21. Red1 {[%clk 0:36:48]} 21... Red8 { [%clk
1:15:57]} 22. Rd3 {[%clk 0:34:40]} 22... e5 {[%clk 1:14:00]} 23. Rad1 { [%clk
0:34:53]} 23... Qb6 {[%clk 1:09:06]} 24. c5 {[%clk 0:21:15]} 24... Qa6 { [%clk
1:09:03]} 25. R3d2 {[%clk 0:14:12]} 25... Rxd4 {[%clk 1:07:55]} 26. Rxd4 {[%clk
0:13:45]} 26... exd4 {[%clk 1:08:17]} 27. a4 {[%clk 0:10:04]} 27... d3 { [%clk
1:05:31]} 28. Qc3 {[%clk 0:10:17]} 28... Rd5 {[%clk 1:03:38]} 29. Kg2 { [%clk
0:08:50]} 29... f6 {[%clk 0:56:34]} 30. h4 {[%clk 0:08:20]} 30... Kh8 { [%clk
0:52:12]} 31. Rd2 {[%clk 0:08:01]} 31... Rd8 {[%clk 0:52:09]} 32. Rd1 { [%clk
0:07:51]} 32... b6 {[%clk 0:52:19]} 33. cxb6 {[%clk 0:07:51]} 33... axb6 {[%clk
0:51:41]} 34. Qxc6 {[%clk 0:07:24]} 34... d2 {[%clk 0:51:58]} 35. Qc3 { [%clk
0:06:08]} 35... Qe2 {[%clk 0:50:34]} 36. Qc2 {[%clk 0:04:40]} 36... f5 { [%clk
0:48:54]} 37. b4 {[%clk 0:00:40]} 37... f4 {[%clk 0:49:05]} 38. Qc7 38... Qe4+
{[%clk 0:47:04]} 39. Kh3 {[%clk 0:00:45]} 39... Qe6+ {[%clk 0:47:11]} 40. Kh2
{[%clk 0:01:01]} 40... fxg3+ {[%clk 0:47:36]} 41. Kxg3 {[%clk 0:20:50]} 41...
Rd3+ {[%clk 1:17:36]} 42. f3 {[%clk 0:20:05]} 42... Qe1+ {[%clk 1:17:47]} 0-1

[Event "DEM U18w 2018"]
[Site "Willingen GER"]
[Date "2018.05.26"]
[Round "9"]
[White "Möller, Hannah"]
[Black "Arnhold, Steffi"]
[Result "1/2-1/2"]
[Termination "normal"]
[Board "7"]
[WhiteElo "1807"]
[BlackElo "1923"]
[WhiteClock "00:24:57"]
[BlackClock "00:04:26"]
[PlyCount "76"]
[WhiteFideId "1270514"]
[BlackFideId "12931365"]
[EventCountry "GER"]
[EventRounds "9"]
[EventType "swiss"]
[EventDate "2018.05.19"]

1. d4 {[%clk 1:30:58]} 1... Nf6 {[%clk 1:30:50]} 2. c4 {[%clk 1:31:24]} 2... c5
{[%clk 1:31:08]} 3. d5 {[%clk 1:31:48]} 3... b5 {[%clk 1:31:24]} 4. cxb5 {
[%clk 1:31:54]} 4... a6 {[%clk 1:31:46]} 5. f3 {[%clk 1:32:20]} 5... d6 { [%clk
1:26:12]} 6. e4 {[%clk 1:32:28]} 6... Nbd7 {[%clk 1:21:05]} 7. Na3 { [%clk
1:28:36]} 7... g6 {[%clk 1:16:22]} 8. Ne2 {[%clk 1:28:45]} 8... Bg7 { [%clk
1:14:59]} 9. Nc3 {[%clk 1:29:00]} 9... O-O {[%clk 1:03:38]} 10. Be2 { [%clk
1:25:14]} 10... Nb6 {[%clk 0:58:32]} 11. O-O {[%clk 1:25:05]} 11... e6 { [%clk
0:57:58]} 12. dxe6 {[%clk 1:25:10]} 12... fxe6 {[%clk 0:58:13]} 13. Nc4 { [%clk
1:23:00]} 13... Nxc4 {[%clk 0:56:09]} 14. Bxc4 {[%clk 1:23:23]} 14... axb5
{[%clk 0:51:57]} 15. Bxb5 {[%clk 1:21:08]} 15... Qb6 {[%clk 0:44:59]} 16. Kh1
{[%clk 1:18:48]} 16... Rd8 {[%clk 0:44:00]} 17. Bc4 {[%clk 1:14:30]} 17... Kh8
{[%clk 0:40:29]} 18. Qe2 {[%clk 1:08:36]} 18... d5 {[%clk 0:38:07]} 19. exd5
{[%clk 1:06:12]} 19... exd5 {[%clk 0:37:46]} 20. Nxd5 {[%clk 1:04:25]} 20...
Nxd5 {[%clk 0:34:33]} 21. Bxd5 {[%clk 1:04:46]} 21... Ba6 {[%clk 0:34:34] } 22.
Bc4 {[%clk 1:04:44]} 22... Re8 {[%clk 0:33:14]} 23. Qc2 {[%clk 1:04:42]} 23...
Bd4 {[%clk 0:29:58]} 24. a4 {[%clk 0:53:41]} 24... Qb4 {[%clk 0:23:11]} 25.
Bxa6 {[%clk 0:43:39]} 25... Rxa6 {[%clk 0:23:25]} 26. Rb1 {[%clk 0:42:42]}
26... Qxa4 {[%clk 0:17:35]} 27. Qxa4 {[%clk 0:35:20]} 27... Rxa4 { [%clk
0:17:52]} 28. Bd2 {[%clk 0:35:05]} 28... Re2 {[%clk 0:15:54]} 29. Bc3 { [%clk
0:34:03]} 29... Ra2 {[%clk 0:08:03]} 30. Bxd4+ {[%clk 0:32:09]} 30... cxd4
{[%clk 0:08:25]} 31. Kg1 {[%clk 0:31:48]} 31... Raxb2 {[%clk 0:07:29]} 32. Rxb2
{[%clk 0:31:53]} 32... Rxb2 {[%clk 0:07:55]} 33. Rd1 {[%clk 0:32:13]} 33... Rb4
{[%clk 0:08:05]} 34. Kf1 {[%clk 0:31:35]} 34... Kg7 {[%clk 0:08:24]} 35. Re1
{[%clk 0:30:48]} 35... Kf6 {[%clk 0:07:48]} 36. Re4 {[%clk 0:27:56]} 36... Rb1+
{[%clk 0:05:07]} 37. Ke2 {[%clk 0:27:11]} 37... Rb2+ {[%clk 0:05:22] } 38. Kf1
{[%clk 0:24:57]} 38... Rb1+ {[%clk 0:04:26]} 1/2-1/2

[Event "DEM U18w 2018"]
[Site "Willingen GER"]
[Date "2018.05.26"]
[Round "9"]
[White "Zell, Mirjam"]
[Black "Reinecke, Katharina"]
[Result "1/2-1/2"]
[Termination "normal"]
[Board "9"]
[WhiteElo "1829"]
[BlackElo "1905"]
[WhiteClock "00:05:32"]
[BlackClock "00:08:20"]
[PlyCount "59"]
[WhiteFideId "16208544"]
[BlackFideId "12929727"]
[EventCountry "GER"]
[EventRounds "9"]
[EventType "swiss"]
[EventDate "2018.05.19"]

1. e4 {[%clk 1:30:59]} 1... c6 {[%clk 1:31:25]} 2. d4 {[%clk 1:31:23]} 2... g6
{[%clk 1:31:43]} 3. Nc3 {[%clk 1:31:48]} 3... d5 {[%clk 1:32:32]} 4. h3 { [%clk
1:31:50]} 4... Bg7 {[%clk 1:32:24]} 5. Nf3 {[%clk 1:31:45]} 5... dxe4 { [%clk
1:26:08]} 6. Nxe4 {[%clk 1:32:05]} 6... Nf6 {[%clk 1:25:41]} 7. Nxf6+ { [%clk
1:22:29]} 7... exf6 {[%clk 1:25:12]} 8. Bd3 {[%clk 1:20:08]} 8... O-O { [%clk
1:25:07]} 9. O-O {[%clk 1:19:39]} 9... Na6 {[%clk 1:21:54]} 10. c3 { [%clk
1:13:39]} 10... Nc7 {[%clk 1:19:01]} 11. Bc2 {[%clk 1:08:20]} 11... Be6 { [%clk
1:15:41]} 12. Bd2 {[%clk 1:05:35]} 12... b5 {[%clk 1:10:47]} 13. a4 { [%clk
0:58:19]} 13... a6 {[%clk 1:07:17]} 14. Ne1 {[%clk 0:47:31]} 14... Bc4 { [%clk
1:01:12]} 15. Bd3 {[%clk 0:45:28]} 15... Bxd3 {[%clk 0:49:48]} 16. Nxd3 { [%clk
0:45:50]} 16... Ne6 {[%clk 0:49:03]} 17. Be3 {[%clk 0:42:16]} 17... Qc7 { [%clk
0:48:04]} 18. Qf3 {[%clk 0:39:57]} 18... Rfd8 {[%clk 0:43:57]} 19. axb5 { [%clk
0:37:36]} 19... axb5 {[%clk 0:41:00]} 20. Nb4 {[%clk 0:36:37]} 20... Rxa1
{[%clk 0:37:13]} 21. Rxa1 {[%clk 0:31:22]} 21... c5 {[%clk 0:31:12]} 22. Nd5 {
[%clk 0:29:34]} 22... Qd6 {[%clk 0:28:46]} 23. Nxf6+ {[%clk 0:28:17]} 23...
Bxf6 {[%clk 0:27:09]} 24. Qxf6 {[%clk 0:27:12]} 24... cxd4 {[%clk 0:26:43]} 25.
cxd4 {[%clk 0:18:43]} 25... Nxd4 {[%clk 0:23:10]} 26. Bg5 {[%clk 0:18:14]}
26... Ne6 {[%clk 0:18:32]} 27. Re1 {[%clk 0:16:37]} 27... Ra8 {[%clk 0:10:21]}
28. Bh6 {[%clk 0:08:11]} 28... Qc7 {[%clk 0:09:02]} 29. b3 {[%clk 0:07:36]}
29... Qd7 {[%clk 0:08:20]} 30. Ra1 {[%clk 0:05:32]} 1/2-1/2

[Event "DEM U18w 2018"]
[Site "Willingen GER"]
[Date "2018.05.26"]
[Round "9"]
[White "Schmidt, Aliyah"]
[Black "Diener, Carolin Valeria"]
[Result "1/2-1/2"]
[Termination "normal"]
[Board "10"]
[WhiteElo "1388"]
[BlackElo "1957"]
[WhiteClock "00:26:46"]
[BlackClock "00:30:42"]
[PlyCount "89"]
[WhiteFideId "16240103"]
[BlackFideId "24699063"]
[EventCountry "GER"]
[EventRounds "9"]
[EventType "swiss"]
[EventDate "2018.05.19"]

1. e4 e5 2. Nf3 Nc6 3. d4 exd4 4. Nxd4 Bc5 5. Be3 Qf6 6. c3 Nge7 7. g3 h5 8.
Bg2 {[%clk 1:32:21]} 8... h4 {[%clk 1:32:18]} 9. Qf3 {[%clk 1:22:53]} 9... h3 {
[%clk 0:55:28]} 10. Qxf6 {[%clk 1:21:28]} 10... hxg2 {[%clk 0:52:41]} 11. Qf3 {
[%clk 1:20:23]} 11... gxh1=Q+ 12. Qxh1 {[%clk 1:20:39]} 12... d6 { [%clk
0:52:57]} 13. Nxc6 {[%clk 1:11:11]} 13... Nxc6 {[%clk 0:53:05]} 14. Bxc5 {[%clk
1:11:33]} 14... dxc5 {[%clk 0:53:30]} 15. Nd2 {[%clk 1:11:04]} 15... Ne5 {[%clk
0:52:50]} 16. Ke2 {[%clk 1:04:35]} 16... Bd7 {[%clk 0:50:06]} 17. h4 { [%clk
0:55:47]} 17... O-O-O {[%clk 0:48:35]} 18. b3 {[%clk 0:50:56]} 18... Bc6 {[%clk
0:40:50]} 19. Qh3+ {[%clk 0:48:04]} 19... Bd7 {[%clk 0:39:42]} 20. Qg2 { [%clk
0:47:09]} 20... Kb8 {[%clk 0:38:33]} 21. f3 {[%clk 0:32:19]} 21... Bb5+ { [%clk
0:31:09]} 22. c4 {[%clk 0:32:14]} 22... Bd7 {[%clk 0:31:30]} 23. Qf2 { [%clk
0:30:38]} 23... b6 {[%clk 0:31:08]} 24. Qe3 {[%clk 0:29:12]} 24... f6 { [%clk
0:29:05]} 25. Kf1 {[%clk 0:25:13]} 25... Be6 {[%clk 0:23:58]} 26. Re1 { [%clk
0:16:30]} 26... Rd3 {[%clk 0:20:12]} 27. Qf2 {[%clk 0:14:22]} 27... Bh3+ {[%clk
0:15:19]} 28. Ke2 {[%clk 0:14:04]} 28... Rhd8 {[%clk 0:15:13]} 29. Nb1 { [%clk
0:11:01]} 29... Nxf3 {[%clk 0:13:00]} 30. Qxf3 {[%clk 0:11:09]} 30... Rxf3
{[%clk 0:13:24]} 31. Kxf3 {[%clk 0:11:27]} 31... Rd3+ {[%clk 0:10:31]} 32. Re3
{[%clk 0:11:42]} 32... Rxe3+ {[%clk 0:04:29]} 33. Kxe3 {[%clk 0:12:04]} 33...
c6 {[%clk 0:04:48]} 34. Nc3 {[%clk 0:12:08]} 34... Kc7 {[%clk 0:04:35]} 35. Kf4
{[%clk 0:12:26]} 35... Be6 {[%clk 0:00:59]} 36. e5 {[%clk 0:08:26]} 36... fxe5+
{[%clk 0:01:00]} 37. Kxe5 {[%clk 0:08:48]} 37... Kd7 { [%clk 0:01:02]} 38. Ne4
{[%clk 0:08:29]} 38... a6 {[%clk 0:00:58]} 39. Kf4 { [%clk 0:05:18]} 39... g6
{[%clk 0:00:57]} 40. g4 {[%clk 0:02:30]} 40... Bf7 { [%clk 0:00:44]} 41. Kg5
{[%clk 0:26:44]} 41... Ke6 {[%clk 0:29:42]} 42. h5 { [%clk 0:25:58]} 42... gxh5
{[%clk 0:29:57]} 43. gxh5 {[%clk 0:26:22]} 43... Bxh5 {[%clk 0:30:17]} 44. Kxh5
{[%clk 0:26:46]} 44... Ke5 {[%clk 0:30:42]} 45. Ng5 1/2-1/2

[Event "DEM U18w 2018"]
[Site "Willingen GER"]
[Date "2018.05.26"]
[Round "9"]
[White "Jörs, Pia-Milena"]
[Black "König, Emmilie"]
[Result "1/2-1/2"]
[Termination "normal"]
[Board "12"]
[WhiteElo "1557"]
[BlackElo "1539"]
[WhiteClock "00:26:37"]
[BlackClock "00:46:27"]
[PlyCount "48"]
[WhiteFideId "12964646"]
[BlackFideId "16218329"]
[EventCountry "GER"]
[EventRounds "9"]
[EventType "swiss"]
[EventDate "2018.05.19"]

1. d4 {[%clk 1:30:58]} 1... d5 {[%clk 1:30:56]} 2. c4 {[%clk 1:31:24]} 2... c6
{[%clk 1:31:25]} 3. Nf3 {[%clk 1:31:47]} 3... Nf6 {[%clk 1:31:47]} 4. e3 {
[%clk 1:32:07]} 4... Bg4 {[%clk 1:32:08]} 5. Qb3 {[%clk 1:32:22]} 5... Qc8 {
[%clk 1:30:41]} 6. Ne5 {[%clk 1:31:49]} 6... Be6 {[%clk 1:25:27]} 7. Nc3 {
[%clk 1:28:12]} 7... dxc4 {[%clk 1:21:15]} 8. Bxc4 {[%clk 1:26:17]} 8... Bxc4 {
[%clk 1:21:40]} 9. Qxc4 {[%clk 1:26:28]} 9... e6 {[%clk 1:22:00]} 10. b4 {
[%clk 1:20:23]} 10... Nbd7 {[%clk 1:17:36]} 11. f4 {[%clk 1:14:09]} 11... Nxe5
{[%clk 1:17:34]} 12. fxe5 {[%clk 1:14:13]} 12... Nd5 {[%clk 1:17:40]} 13. Rb1 {
[%clk 1:07:01]} 13... Rb8 {[%clk 1:14:30]} 14. a3 {[%clk 0:50:30]} 14... Be7 {
[%clk 1:10:21]} 15. O-O {[%clk 0:48:19]} 15... O-O {[%clk 1:07:53]} 16. e4 {
[%clk 0:45:48]} 16... Nxc3 {[%clk 1:05:22]} 17. Qxc3 {[%clk 0:46:10]} 17... Qd7
{[%clk 1:02:24]} 18. Rd1 {[%clk 0:39:46]} 18... Rbc8 {[%clk 1:01:58]} 19. Qg3 {
[%clk 0:39:54]} 19... f6 {[%clk 0:53:56]} 20. Bh6 {[%clk 0:37:46]} 20... Rf7 {
[%clk 0:52:47]} 21. exf6 {[%clk 0:37:44]} 21... Bxf6 {[%clk 0:52:42]} 22. e5 {
[%clk 0:37:19]} 22... Bd8 {[%clk 0:52:17]} 23. Rb2 {[%clk 0:29:14]} 23... Bb6 {
[%clk 0:49:11]} 24. Be3 {[%clk 0:26:37]} 24... Rcf8 {[%clk 0:46:27]} 1/2-1/2

[Event "DEM U18w 2018"]
[Site "Willingen GER"]
[Date "2018.05.26"]
[Round "9"]
[White "Mylke, Sandy-Michelle"]
[Black "Giede, Anna-Blume"]
[Result "1-0"]
[Termination "normal"]
[Board "13"]
[WhiteElo "1100"]
[BlackElo "1629"]
[WhiteClock "00:34:08"]
[BlackClock "00:01:51"]
[PlyCount "53"]
[WhiteFideId "16235045"]
[BlackFideId "12921980"]
[EventCountry "GER"]
[EventRounds "9"]
[EventType "swiss"]
[EventDate "2018.05.19"]

1. e4 {[%clk 1:30:56]} 1... c6 {[%clk 1:30:56]} 2. d4 {[%clk 1:31:15]} 2... d5
{[%clk 1:31:23]} 3. exd5 {[%clk 1:31:32]} 3... cxd5 {[%clk 1:31:49]} 4. Bd3 {
[%clk 1:31:46]} 4... Nc6 {[%clk 1:32:10]} 5. c3 {[%clk 1:31:55]} 5... Nf6 {
[%clk 1:32:03]} 6. Bf4 {[%clk 1:31:56]} 6... e6 {[%clk 1:32:21]} 7. Nf3 { [%clk
1:32:04]} 7... Bd6 {[%clk 1:32:26]} 8. Bxd6 {[%clk 1:32:06]} 8... Qxd6 { [%clk
1:32:51]} 9. O-O {[%clk 1:32:08]} 9... O-O {[%clk 1:32:59]} 10. Re1 { [%clk
1:32:10]} 10... a6 {[%clk 1:31:18]} 11. a4 {[%clk 1:31:53]} 11... Bd7 { [%clk
1:28:18]} 12. Ne5 {[%clk 1:30:05]} 12... Rfc8 {[%clk 1:09:30]} 13. Re3 { [%clk
1:23:40]} 13... Na5 {[%clk 0:58:07]} 14. Nd2 {[%clk 1:18:45]} 14... b5 { [%clk
0:54:02]} 15. axb5 {[%clk 1:14:44]} 15... axb5 {[%clk 0:53:34]} 16. b3 { [%clk
1:09:57]} 16... Kf8 {[%clk 0:37:32]} 17. Rc1 {[%clk 1:07:42]} 17... Be8 { [%clk
0:33:51]} 18. Rh3 {[%clk 1:00:03]} 18... h6 {[%clk 0:33:13]} 19. Qf3 { [%clk
0:59:41]} 19... b4 {[%clk 0:30:31]} 20. Qg3 {[%clk 0:59:02]} 20... Qd8 { [%clk
0:19:11]} 21. Bb1 {[%clk 0:40:43]} 21... Qb6 {[%clk 0:15:50]} 22. Qf4 { [%clk
0:37:43]} 22... Nc6 {[%clk 0:13:12]} 23. Ndf3 {[%clk 0:36:15]} 23... bxc3
{[%clk 0:09:45]} 24. Rxh6 {[%clk 0:34:12]} 24... Qxb3 {[%clk 0:05:36]} 25. Rxf6
{[%clk 0:34:16]} 25... gxf6 {[%clk 0:03:09]} 26. Qxf6 {[%clk 0:34:34]} 26...
Kg8 {[%clk 0:01:51]} 27. Ng5 {[%clk 0:34:08]} 1-0